| 000 | 00688nam a22001815i 4500 | ||
|---|---|---|---|
| 001 | 159085 | ||
| 003 | ES-MaACL | ||
| 005 | 20230906211438.0 | ||
| 008 | 000209m18891894fr f f |||| | fre d | ||
| 040 |
_aM-RACE _bspa _cM-RACE _dCCPB | B |
||
| 100 | 1 |
_aMascart, Eleuthere. _9129692 |
|
| 245 | 1 | 0 |
_aTraite d'optique / _cpar E. Mascart. |
| 260 |
_aParis : _bGauthier-Villars et fils, imprimeurs-libraires, _c1889-1894. |
||
| 300 |
_a4 v. ; _c25 cm. |
||
| 650 | 0 | 4 |
_aOptica. _915726 |
| 752 |
_aFrancia - _dParís |
||
| 852 |
_aES-MaACL _jC-3152-54 _z- Enc. hol. conservando cub. original _q- Sólo t.I-III _x- Edic.: T.I, 1889 (VIII, 638 p.) - T.II, 1891 (VI, 643 p.) - T.III, 1893 (692 p.) |
||
| 999 |
_c159085 _d159085 |
||